000 00866cab a2200229 4500
001 ABS55013
008 090401t1996 xxu||||| |||| 00| 0 eng d
035 _a(Sirsi) u13598
041 _aeng
100 _aGilbert, P.
245 _aIs leasehold enfranchisement a developing market?
260 _c1996
350 _a0
490 _aCSM (Chartered Surveyor Monthly)
_v5(7) April 1996, 16-17(2)
520 _aConsiders the problems still plaguing the small but growing sector of advice and professional expertise in leasehold enfranchisement issues. Analyses the nature of enquiries made to the LEAS and determinations made by the LVTs.
650 _aLEASEHOLD ENFRANCHISEMENT ADVISORY SERVICE
650 _aLEASEHOLD ENFRANCHISEMENT
650 _aPROFESSIONAL ADVICE
690 _aLANDLORD AND TENANT-LEASEHOLD REFORM
942 _n0
948 _c04/03/1997
999 _c8759
_d8759